La capacidad civil del menor que trabaja (Registro nro. 3519)

Detalles MARC
000 -LEADER
fixed length control field 00835 a2200205 4500
001 - CONTROL NUMBER
control field 41652
005 - DATE AND TIME OF LATEST TRANSACTION
control field 20260407155709.0
008 - FIXED-LENGTH DATA ELEMENTS--GENERAL INFORMATION
fixed length control field 260407a1976 arg spa d
003 - CONTROL NUMBER IDENTIFIER
control field AR-UNSa-BCEJYS
040 ## - CATALOGING SOURCE
Original cataloging agency AR-UNSa-BCEJYS
Language of cataloging spa
Transcribing agency AR-UNSa-BCEJYS
080 ## - UNIVERSAL DECIMAL CLASSIFICATION NUMBER
Universal Decimal Classification number 347.155
Common auxiliary subdivision Estado civil, capacidad legal y competencia mental en general. Capacidad de obrar. Responsabilidad en las acciones
041 ## - LANGUAGE CODE
Language code of text/sound track or separate title spa
100 1# - MAIN ENTRY--PERSONAL NAME
Personal name Kemelmajer de Carlucci, Aída
245 10 - TITLE STATEMENT
Title La capacidad civil del menor que trabaja
Name of part/section of a work trabajador subordinado y menor profesional
264 #1 - PRODUCTION, PUBLICATION, DISTRIBUTION, MANUFACTURE, AND COPYRIGHT NOTICE
Place of production, publication, distribution, manufacture Buenos Aires :
Name of producer, publisher, distributor, manufacturer Astrea
Date of production, publication, distribution, manufacture, or copyright notice 1976
300 ## - PHYSICAL DESCRIPTION
Extent 179 p.
Dimensions 18 cm.
505 ## - FORMATTED CONTENTS NOTE
Formatted contents note 1. Principios generales - 2. La capacidad sustancial: la formación del peculio profesional - 3. La capacidad procesal - 4. Conclusiones
590 ## - LOCAL NOTE (RLIN)
Local note niveau_biblio:m niveau_hierar:0
942 ## - ADDED ENTRY ELEMENTS (KOHA)
Koha item type
Existencias
Withdrawn status Lost status Damaged status Not for loan Home library Current library Shelving location Date acquired Total checkouts Full call number Barcode Date last seen Price effective from Koha item type
        Biblioteca Prof. Eusebio Cleto del Rey Biblioteca Prof. Eusebio Cleto del Rey   07/04/2026   347.155 K31 L87231 07/04/2026 07/04/2026 Libro